000 00905cam a2200157 4500500
005 20260405001547.0
041 _afre
042 _adc
100 1 0 _aKoller, Sylvie
_eauthor
245 0 0 _aJean Viard, Nouveau portrait de la France . La société des modes de vie. Éditions de l’Aube, 2012, 205 pages, 14 €
260 _c2012.
500 _a47
520 _aRésuméPasolini se faisait une idée très haute du style, non seulement du style artistique mais aussi du style qu’engage la vie ordinaire, dans les gestes et les figures du quotidien. Il ne s’agit pas là d’une sacralisation de l’art et de ses œuvres, mais d’une décision sur ce qui, dans toutes les formes, met en jeu la valeur même de l’humain.
786 0 _nÉtudes | 417 | 9 | 2012-09-01 | p. XXV-XXV | 0014-1941
856 4 1 _uhttps://shs.cairn.info/revue-etudes-2012-9-page-XXV?lang=fr&redirect-ssocas=7080
999 _c2048855
_d2048855